Word Ladder: No Soup For You! Quiz Stats

 Plays Quiz Updated Aug 31, 2012

Support Sporcle.
Go Orange.
Score 0/12 Timer 01:00
1 Play Today
Clue Word % Correct
Shopping centerMALL
95.9%
What you can find at a post officeMAIL
94.3%
Travel in a boatSAIL
94.2%
Event where merchandise prices are reducedSALE
92.7%
A boy, dude, or gentlemanMALE
92.1%
Where plants have their rootsSOIL
90.4%
Liquid dishSOUP
89.9%
One's essence of beingSOUL
87.6%
Preserve money by buying cheaper goodsSAVE
77.8%
Central part of a church buildingNAVE
59.2%
Member of the National Socialist German Workers' PartyNAZI
57.7%
Avatar race who inhabit PandoraNA'VI
48.5%

Today's Daily Dose

Missing Word
'80s Musicals

Word Ladder
Hereditary

Get the Picture
Food Names

From the Vault

1986 NBA Champions - Boston Celtics

by mucciniale

Sports 3m
We're going back in time with our NBA adventures.
Remove Ads.
Support Sporcle.
Get the best of Sporcle when you Go Orange. This ad-free experience offers more features, more stats, and more fun while also helping to support Sporcle. Thank you for becoming a member.

Show Comments

Extras

Top Quizzes Today


Score Distribution

Your Account Isn't Verified!

In order to create a playlist on Sporcle, you need to verify the email address you used during registration. Go to your Sporcle Settings to finish the process.

Report this User

Report this user for behavior that violates our Community Guidelines.

Details: